Catalog

Record Details

Catalog Search



The burning range : a Ralph Compton novel / by ... Read More

West, Joseph A.(Author).
Compton, Ralph.(Added Author).

Available copies

  • 1 of 1 copy available at LARL/NWRL Consortium.

Current holds

0 current holds with 1 total copy.

Show Only Available Copies
Location Call Number / Copy Notes Barcode Shelving Location Status Due Date
Greenbush Public Library pb WES (Text) 35500004836506 Main Available -

Record details

  • ISBN: 9780451231758
  • ISBN: 0451231759
  • Physical Description: 295 p. ; 18 cm.
  • Publisher: New York : Signet/New American Library, c2010.

Content descriptions

General Note:
A Signet Book.
Summary, etc.:
"Drill or be drilled. The streets of Green Meadow, ... Read More
Subject: Gamblers > Fiction.
Revenge > Fiction.
Oklahoma > Fiction.
Genre: Western stories.
LDR 01284cam a2200301Ka 4500
001126990
003LARL_NWRL_CONSORTIUM
00520101208095150.0
008100311s2010 nyu 000 1 eng d
020 . ‡a9780451231758
020 . ‡a0451231759
035 . ‡a(OCoLC)555645073
040 . ‡aBTCTA ‡beng ‡cBTCTA ‡dZGX ‡dGZD
049 . ‡aNRG
092 . ‡a[Fic] ‡bWest
1001 . ‡aWest, Joseph A. ‡0(LARL_NWRL_CONSORTIUM)114945
24514. ‡aThe burning range : ‡ba Ralph Compton novel / ‡cby Joseph A. West.
260 . ‡aNew York : ‡bSignet/New American Library, ‡cc2010.
300 . ‡a295 p. ; ‡c18 cm.
500 . ‡aA Signet Book.
520 . ‡a"Drill or be drilled. The streets of Green Meadow, Oklahoma, are flowing red with blood. At the scene of every grisly murder is a threatening message: Get out! A mysterious villian known as the Fat Man wants the black gold hidden beneath the town, and he's willing to wipe out every man, woman, and child to get it..."--P. [4] of cover.
650 0. ‡aGamblers ‡vFiction. ‡0(LARL_NWRL_CONSORTIUM)165388
650 0. ‡aRevenge ‡vFiction. ‡0(LARL_NWRL_CONSORTIUM)167017
651 0. ‡aOklahoma ‡vFiction. ‡0(LARL_NWRL_CONSORTIUM)166498
655 7. ‡aWestern stories. ‡2gsafd.
7001 . ‡aCompton, Ralph. ‡0(LARL_NWRL_CONSORTIUM)138457
901 . ‡a126990 ‡bISxN ‡c126990 ‡tbiblio

Additional Resources